The Waterbury cancellations 1865-1890 (Record no. 2203)

000 -LEADER
fixed length control field 00388nam a22000977a 4500
008 - FIXED-LENGTH DATA ELEMENTS--GENERAL INFORMATION
fixed length control field 170116b xxu||||| |||| 00| 0 eng d
100 ## - MAIN ENTRY--AUTHOR'S NAME
Author's Name Rohloff, Paul
245 ## - TITLE STATEMENT
Title The Waterbury cancellations 1865-1890
260 ## - PUBLICATION, DISTRIBUTION, ETC. (IMPRINT)
Place of publication, distribution, etc. Chicago
Name of publisher, distributor, etc. The Collectors Club of Chicago
Date of publication, distribution, etc. 1979
650 ## - TOPICAL TERM (Tag)
Topical term or geographic name United States -- Connecticut -- Waterbury | Postal Markings | Fancy Cancels | 1865-1890 | 19th Century | Postal History
Holdings
Withdrawn status Lost status Source of classification or shelving scheme Damaged status Koha normalized classification for sorting Not for loan Collection code Permanent Location Current Location Date acquired Total Checkouts Full call number Barcode Date last seen Copy number Cost, replacement price Price effective from Koha item type
        G3784 W37 R738     Northern Philatelic Library Northern Philatelic Library 01/16/2017   G3784 W37 R738 1002583 01/16/2017 1 0.00 01/16/2017 Books

Powered by Koha